000 00945cab a22001935a 4500
001 L142050
008 080123e20080118xxkad f s 000 0 eng d
035 _a(Sirsi) u142050
041 0 _aeng
100 1 _aPhillips, Mike
245 0 0 _aDespite drop in auction sales, yields remain stable
260 _c2008
490 0 _aProperty Week
_v73(3) 18 January 2008, 28(1)
520 _aReviews the number of commercial properties offered and sold at auction in quarter four 2007 using data from Jones Lang Lasalle's Auction Results. Presents data for yields in quarter four 2007. Finds that less properties are being sold, but those that are bring good prices. Finds yields remained stable with average yields rising four base points. Notes this is contrary to evidence from IPD which reported sharp price falls.
590 _aKA
651 4 _aUnited Kingdom
_y
690 _aPROPERTY-COMMERCIAL PROPERTY-COMMERCIAL PROPERTY MARKET
942 _n0
999 _c79715
_d79715